Economics and finance for engineers and planners : (Record no. 532228)

000 -LEADER
fixed length control field 01156cam a2200301 a 4500
001 - CONTROL NUMBER
control field 15899772
003 - CONTROL NUMBER IDENTIFIER
control field NUST
005 - DATE AND TIME OF LATEST TRANSACTION
control field 20191113173211.0
008 - FIXED-LENGTH DATA ELEMENTS--GENERAL INFORMATION
fixed length control field 090909s2010 vaua b 001 0 eng
010 ## - LIBRARY OF CONGRESS CONTROL NUMBER
LC control number 2009035442
020 ## - INTERNATIONAL STANDARD BOOK NUMBER
International Standard Book Number 9780784409749
020 ## - INTERNATIONAL STANDARD BOOK NUMBER
International Standard Book Number 0784409749
035 ## - SYSTEM CONTROL NUMBER
System control number (OCoLC)ocn436387152
038 ## - RECORD CONTENT LICENSOR
Staff Name M.Ramzan
040 ## - CATALOGING SOURCE
Original cataloging agency DLC
Transcribing agency DLC
Modifying agency YDX
-- TXA
-- YDXCP
-- CDX
-- BWX
-- DLC
050 00 - LIBRARY OF CONGRESS CALL NUMBER
Classification number TA177.4
Item number .G75 2010
082 00 - DEWEY DECIMAL CLASSIFICATION NUMBER
Classification number 658.15
Edition number 22
Author Mark GRI
100 1# - MAIN ENTRY--PERSONAL NAME
Personal name Grigg, Neil S.
9 (RLIN) 24958
245 10 - TITLE STATEMENT
Title Economics and finance for engineers and planners :
Remainder of title managing infrastructure and natural resources /
Statement of responsibility, etc. Neil S. Grigg.
260 ## - PUBLICATION, DISTRIBUTION, ETC.
Place of publication, distribution, etc. Reston, Va. :
Name of publisher, distributor, etc. American Society of Civil Engineers,
Date of publication, distribution, etc. c2010.
300 ## - PHYSICAL DESCRIPTION
Extent viii, 301 p. :
Other physical details ill. ;
Dimensions 23 cm.
504 ## - BIBLIOGRAPHY, ETC. NOTE
Bibliography, etc. note Includes bibliographical references and index.
650 #0 - SUBJECT ADDED ENTRY--TOPICAL TERM
Topical term or geographic name entry element Engineering economy.
9 (RLIN) 25603
650 #0 - SUBJECT ADDED ENTRY--TOPICAL TERM
Topical term or geographic name entry element Infrastructure (Economics)
9 (RLIN) 1122
906 ## - LOCAL DATA ELEMENT F, LDF (RLIN)
a 7
b cbc
c orignew
d 1
e ecip
f 20
g y-gencatlg
942 ## - ADDED ENTRY ELEMENTS (KOHA)
Source of classification or shelving scheme
Koha item type Book
Holdings
Withdrawn status Lost status Source of classification or shelving scheme Damaged status Not for loan Permanent Location Current Location Date acquired Total Checkouts Full call number Barcode Date last seen Price effective from Koha item type
          School of Civil and Environmental Engineering (SCEE) School of Civil and Environmental Engineering (SCEE) 11/13/2019   658.15 GRI NIT-9987 11/13/2019 11/13/2019 Book
© 2023 Central Library, National University of Sciences and Technology. All Rights Reserved.